| 000 | 00435nam a2200157 i 4500 | ||
|---|---|---|---|
| 001 | 134480 | ||
| 003 | ES-MaACL | ||
| 005 | 20230906194700.0 | ||
| 007 | t| | ||
| 008 | 070911s1931 gw ||||1| ger d | ||
| 100 | 1 |
_aWeber, Alfred. _9116250 |
|
| 245 | 1 | 4 |
_aDas ende der Demokratie? _b: ein vortrag / _cAlfred Weber. |
| 260 |
_aBerlin : _bJunker und Dünnhaupt, _c1931. |
||
| 300 |
_a23 p. ; _c22 cm. |
||
| 852 |
_aES-MaACL _j1776-F-15 |
||
| 999 |
_c134480 _d134480 |
||